Дело о предоставлении права успешно окончившим Аренсбургское и Перновское дворянские уездные училища поступать без экзаменов в 1...

Доступно только в Электронных читальных залах Найти на картеНа карте
RUSMARC
00004693nmc2a2200000 x 450
0019e339ed9-0773-4e4e-96df-d78bcc910580
00520170414151148.0
100##$a20140611l18441844k l0rusy0189 ca
1010#$arus
102##$aRU
2001#$aДело о предоставлении права успешно окончившим Аренсбургское и Перновское дворянские уездные училища поступать без экзаменов в 1-й класс гимназии Дерптского учебного округа.
$j12 марта - 26 октября 1844 г.
251##$cДело
300##$aДело
300##$aОриг. заголовок дела: Дело по представлению попечителя Дерптского учебного округа о доставлении воспитанникам Аренсбургского и Дворянского уездных училищ по окончании курса учения и по строгому мнению поступать в первый класс гимназии Дерптского округа и Дерптский университет без экзамена; тут же о Перновском высшем уездном училище. 12 марта 1844 г. - 26 октября 1844 г
801#0$aRU
$bРГИА
$c20140611
$gRCR
801#1$aRU
$bГлавНИВЦ
$c20140611
$2rusmarc
801#2$aRU
$bПБ им. Б.Н. Ельцина
$c20170414
$gRCR
$2rusmarc
850##$aРГИА
852##$aРГИА
$eФедеральное казенное учреждение "Российский государственный исторический архив" (РГИА)
$j234
937##$hРГИА
$d11169445
$aASBIBLIO_SCAN
462#0$1001fe4edb2a-8658-4269-9710-afcb460e1db3
$12001
$aДела Департамента народного просвещения по Дерптскому учебному округу за 1837-1862 гг.
$1251
$cОпись
$1852
$j57
461#0$1001a74412a3-3cc5-4d21-8f0a-dfe2fbd9e72d
$12001
$aДепартамент народного просвещения Министерства народного просвещения (1803-1917)
$1251
$cФонд
$1852
$j733
215##$a11 л.
$d36,5х26 см
371##$aДокумент не является опубликованным и широко распространяемым
105##$ay###
1222#$ad
5171#$aДело по представлению попечителя Дерптского учебного округа о доставлении воспитанникам Аренсбургского и Дворянского уездных училищ по окончании курса учения и по строгому мнению поступать в первый класс гимназии Дерптского округа и Дерптский университет без экзамена; тут же о Перновском высшем уездном училище. 12 марта 1844 г. - 26 октября 1844 г
035##$a9e339ed9-0773-4e4e-96df-d78bcc910580
856##$uhttp://readingroom.main.prlib.ru/item.aspx?id_node=n96977119&mode=full
Формат отображения